Elementary history of Indian art, V1 (Record no. 394788)

MARC details
000 -LEADER
fixed length control field 00516 a2200193 4500
005 - DATE & TIME
control field 20260214110247.0
008 - FIXED-LENGTH DATA ELEMENTS--GENERAL INFORMATION
fixed length control field 260212b |||||||| |||| 00| 0 eng d
020 ## - ISBN
International Standard Book Number 9788194891628
Price Rs. 600.00
040 ## - CATALOGING SOURCE
Original cataloging agency VIVEKANANDA LIBRARY
082 ## - DDC NUMBER
Classification number 709.54
Book Number C449E
100 ## - MAIN ENTRY--PERSONAL NAME
Personal name Singh, Chitralekha
245 ## - TITLE STATEMENT
Title Elementary history of Indian art, V1
260 ## - PUBLICATION, DISTRIBUTION, ETC. (IMPRINT)
Name of publisher, distributor, etc Research India Press
Date of publication, distribution, etc 2021
Place of publication, distribution, etc New Delhi
300 ## - PHYSICAL DESCRIPTION
Pages xxvii, 82
650 ## - Subject
Subject Visual Art
650 ## - Subject
Subject India-Historical Treatment
650 ## - Subject
Subject Indian Art
942 ## - ADDED ENTRY ELEMENTS (KOHA)
Koha item type Books
Holdings
Withdrawn status Lost status Source of classification or shelving scheme Damaged status Not for loan Location (home branch) Sublocation or collection (holding branch) Shelving location Date acquired Koha issues (times borrowed) Koha full call number Accession No. Koha date last seen Koha item type
    Dewey Decimal Classification     VIVEKANANDA LIBRARY VIVEKANANDA LIBRARY Vivekananda Library 27/01/2026   709.54 C449E 444306 27/01/2026 Books
© Designed and Maintained by Vivekananda Library, MDU Rohtak